000 00529nam a2200181Ia 4500
003 GCL
008 140319s9999 xx 000 0 ara d
040 _aGCL /
_cGCL
082 0 4 _aد
_b050
100 1 _aعبدالمنعم ابوبكر
245 1 0 _aاساطير مصرية ( اقرا 134 ) /
_cعبدالمنعم ابوبكر
300 _a136 ص
490 _aوثائق ونصوص
_v0
650 0 4 _aالاساطير
650 0 4 _aالادب الشعبى - مصر
650 0 4 _aالاساطير - مصر
942 _2ddc
_cCF
999 _c27180
_d27180